El paso del tiempo

Guardado en:
Bibliografiske detaljer
Hovedforfatter: Jiménez Veiga, Danilo
Format: Bog
Sprog:Undetermined
Udgivet: San José, Costa Rica Ministerio de Cultura, Juventud y Deportes 1984
Fag:
Tags: Tilføj Tag
Ingen Tags, Vær først til at tagge denne postø!

MARC

LEADER 00000nam a2200000Ia 4500
008 170316s9999 xx 000 0 und d
040 |a cru BVZT 
090 |a 868 J-13p 
100 |a Jiménez Veiga, Danilo 
245 |a El paso del tiempo 
260 |a San José, Costa Rica 
260 |b Ministerio de Cultura, Juventud y Deportes 
260 |c 1984 
300 |a 104 páginas 
650 |a LITERATURA COSTARRICENSE 
650 |a CUENTO 
942 |c 15 D 
999 |c 11219  |d 11219